Система стабилизации напряжения микро-ГЭС на полностью управляемых вентилях; Энергетика: экология, надежность, безопасность

Dades bibliogràfiques
Parent link:Энергетика: экология, надежность, безопасность.— 2002.— С. 12-17.
Autor principal: Борцова Т. Ю.
Altres autors: Шмойлов А. В. (научный руководитель)
Idioma:rus
Publicat: 2002
Matèries:
Format: MixedMaterials Capítol de llibre
KOHA link:https://koha.lib.tpu.ru/cgi-bin/koha/opac-detail.pl?biblionumber=88118

MARC

LEADER 00000naa2a2200000 4500
001 88118
005 20231031102520.0
035 |a (RuTPU)RU\TPU\book\94597 
090 |a 88118 
100 |a 20051221d2002 k y0rusy50 ca 
101 0 |a rus 
102 |a RU 
200 1 |a Система стабилизации напряжения микро-ГЭС на полностью управляемых вентилях  |f Т. Ю. Борцова  |g науч. рук. А. В. Шмойлов  
463 0 |0 (RuTPU)RU\TPU\book\68468  |t Энергетика: экология, надежность, безопасность  |o Труды четвертого Всероссийского студенческого научно-практического семинара, Томск, 24-26 апреля 2002 г.  |f Томский политехнический университет; Электротехнический институт; Региональный центр энергосбережения  |v С. 12-17.  |d 2002  |p 164 с. 
610 1 |a микроГЭС 
610 1 |a системы стабилизации 
610 1 |a напряжение 
610 1 |a вентили 
610 1 |a управление 
610 1 |a автономные источники 
610 1 |a труды учёных ТПУ 
700 1 |a Борцова  |b Т. Ю. 
702 1 |a Шмойлов   |b А. В.  |4 727 
801 1 |a RU  |b 63413507  |c 20051221  |g PSBO 
801 2 |a RU  |b 63413507  |c 20101116  |g PSBO 
942 |c BK